| 000 | 00785nam a2200205 a 4500 | ||
|---|---|---|---|
| 001 | 000005744 | ||
| 005 | 20200929151751.0 | ||
| 008 | 820604s1965 pr a 001 0 spa | ||
| 040 |
_aDO-SdBNP _bspa _cBNPHU |
||
| 082 |
_a972.95 _bA366h, 1965 |
||
| 100 | 1 |
_aAlegría, Ricardo E., _d1921- _916251 |
|
| 245 | 1 | 0 |
_aHistoria de nuestros indios : _bversión elemental / _cRicardo E. Alegría ; ilustrador Carmen Pons de Alegría. |
| 250 | _a3a ed. rev. | ||
| 260 |
_aSan Juan, Puerto Rico : _bDepartamento de Instrucción Pública, _c1965. |
||
| 300 |
_a52 p. : _bil. ; _c23 cm. |
||
| 650 | 4 |
_aIndios de las indias occidentales _zPuerto Rico _916252 |
|
| 650 | 4 |
_aTainos _zPuerto Rico _916253 |
|
| 651 | 4 |
_aPuerto Rico _xHistoria _ySIGLO XVI _916254 |
|
| 700 | 1 | 2 |
_aAlegría, Mela Pons de. _eils. _916255 |
| 999 |
_c5540 _d5540 |
||